[Event "CS Masters, Horgen SUI"]
[Site "Horgen"]
[Date "1995.??.??"]
[Round "?"]
[White "Korchnoi, V."]
[Black "Yusupov, A."]
[Result "1/2-1/2"]
[WhiteElo "2635"]
[BlackElo "2680"]
[PlyCount "127"]
[EventDate "1995.??.??"]
[Source "www.chesslib.no"]
[SourceDate "2004.05.04"]

1. d4 Nf6 2. c4 e6 3. g3 Bb4+ 4. Bd2 Qe7 5. Nf3 Nc6 6. Nc3 d6 7. d5 exd5 8. cxd5 Ne5 9. Nxe5 dxe5 10. Bg2 a6 11. O-O O-O 12. Rc1 h6 13. Qc2 Bd6 14. Nd1 Bg4 15. e4 c6 16. Ne3 cxd5 17. Nxg4 Nxg4 18. exd5 Rae8 19. Rfe1 Nf6 20. Qb3 Qd7 21. Re2 Re7 22. Ba5 Rfe8 23. Bc3 h5 24. Qc4 Qf5 25. Rce1 Rc8 26. Qb3 Rce8 27. Bb4 Qd7 28. Bd2 Bc5 29. Bg5 Qf5 30. h4 e4 31. Qc2 Rc7 32. Bxf6 Qxf6 33. Rxe4 Rxe4 34. Rxe4 g6 35. Qd2 Re7 36. Rc4 Bd6 37. Kh2 Re8 38. f4 Kg7 39. Bf3 Kg8 40. Kg2 Kg7 41. Qc3 Re7 42. Qc2 Re8 43. a3 Kg8 44. Qb3 Re7 45. Rc8+ Kg7 46. Qb6 Rd7 47. Be4 Be7 48. Qxf6+ Kxf6 49. Kf3 Bd6 50. Ke2 Rc7 51. Rd8 Ke7 52. Ra8 Rd7 53. Kf3 f5 54. Bd3 Rd8 55. Ra7 Rd7 56. b4 Bb8 57. Ra8 Rd8 58. Bc4 Kd6 59. a4 Rc8 60. a5 Rxc4 61. Rxb8 Rxb4 62. Rg8 Rb3+ 63. Kg2 Kxd5 64. Rxg6 1/2-1/2

[Event "Roquebrune"]
[Site "Roquebrune"]
[Date "1992.??.??"]
[Round "?"]
[White "Karpov, Anatoly"]
[Black "Kortschnoj, Viktor"]
[Result "1-0"]
[WhiteElo "2725"]
[BlackElo "2585"]
[PlyCount "89"]
[EventDate "1992.02.??"]
[Source "ChessBase"]

1. d4 Nf6 2. c4 e6 3. Nf3 Bb4+ 4. Bd2 c5 5. Bxb4 cxb4 6. g3 O-O 7. Bg2 d6 8. Nbd2 Re8 9. Nf1 Nc6 10. Ne3 e5 11. d5 Nb8 12. a3 Na6 13. axb4 Nxb4 14. O-O a5 15. Nc2 Nxc2 16. Qxc2 Bd7 17. Nd2 Rc8 18. Qc3 b6 19. b4 a4 20. Rfc1 Qc7 21. Qa3 e4 22. e3 Ra8 23. b5 Bf5 24. h3 Nd7 25. Qc3 Nc5 26. g4 Bg6 27. Rf1 f6 28. Ra3 Re5 29. Qc2 h5 30. Qd1 hxg4 31. Qxg4 Kf7 32. f4 exf3 33. Nxf3 Re7 34. Ng5+ Kg8 35. Ne6 Rxe6 36. dxe6 Bd3 37. Bxa8 Bxf1 38. Kxf1 Nb3 39. Bd5 Kf8 40. Qg6 Nd2+ 41. Ke2 Nxc4 42. Rxa4 Na5 43. Qf7+ Qxf7 44. exf7 Ke7 45. Re4+ 1-0

[Event "HB Global Chess Challenge"]
[Site "?"]
[Date "2005.05.20"]
[Round "4.6"]
[White "Mikhalevski Victor"]
[Black "Antonio Rogelio jr"]
[Result "1-0"]
[WhiteElo "2666"]
[BlackElo "2639"]
[PlyCount "95"]
[EventDate "2005.??.??"]
[Source "www.chesslib.no"]
[SourceDate "2004.05.04"]

1. d4 Nf6 2. c4 e6 3. g3 Bb4+ 4. Bd2 Qe7 5. Bg2 Nc6 6. Nf3 Bxd2+ 7. Nbxd2 d6 8. O-O e5 9. d5 Nb8 10. e4 a5 11. Ne1 h5 12. Nef3 O-O 13. h3 Na6 14. Qe2 g6 15. b3 Nh7 16. Nh4 Bd7 17. Nb1 Rae8 18. Nc3 Qg5 19. Nf3 Qh6 20. Qd2 Qg7 21. Kh2 Nc5 22. Nh4 b6 23. f4 exf4 24. gxf4 Qf6 25. Qe1 Bf5 26. Nxf5 gxf5 27. Qg3+ Kh8 28. e5 h4 29. exf6 hxg3+ 30. Kxg3 Nxf6 31. Rae1 Nfe4+ 32. Bxe4 Nxe4+ 33. Nxe4 fxe4 34. f5 Re5 35. Rf4 Rfe8 36. Kf2 e3+ 37. Ke2 Kg7 38. f6+ Kh6 39. Rg1 Rg5 40. Rfg4 Ree5 41. Rxg5 Rxg5 42. Rxg5 Kxg5 43. Kxe3 Kf5 44. Kf3 a4 45. bxa4 Ke5 46. Kg4 Kxf6 47. h4 Ke5 48. h5 1-0

[Event "Bled (ol) 86/465"]
[Site "?"]
[Date "2002.??.??"]
[Round "?"]
[White "Dautov, R."]
[Black "Short, N."]
[Result "1/2-1/2"]
[WhiteElo "2617"]
[BlackElo "2684"]
[PlyCount "52"]
[EventDate "2002.??.??"]
[Source "Chess Informant"]
[SourceDate "2002.10.01"]

1. d4 Nf6 2. c4 e6 3. Nf3 Bb4+ 4. Bd2 Bxd2+ 5. Qxd2 O-O 6. g3 d5 7. Bg2 Nbd7 8. O-O c6 9. Qc2 b6 10. Nbd2 Bb7 11. b4 a5 12. a3 Qe7 13. c5 axb4 14. axb4 bxc5 15. dxc5 Rfb8 16. e4 Ba6 17. Rfb1 e5 18. Ra5 Bb5 19. Rxa8 Rxa8 20. exd5 Nxd5 21. Ne4 N7f6 22. Nd6 e4 23. Ne1 Qe5 24. Bxe4 Nxe4 25. Qxe4 Qxe4 26. Nxe4 Ra4 1/2-1/2

[Event "Kloosters"]
[Site "Ter Apel"]
[Date "1997.03.19"]
[Round "3"]
[White "Van Wely, Loek"]
[Black "Andersson, Ulf"]
[Result "1/2-1/2"]
[WhiteElo "2645"]
[BlackElo "2655"]
[PlyCount "85"]
[EventDate "1997.03.17"]
[Source "ChessBase"]

1. d4 Nf6 2. c4 e6 3. Nf3 Bb4+ 4. Bd2 Bxd2+ 5. Qxd2 O-O 6. g3 d5 7. Bg2 Nbd7 8. O-O c6 9. Qc2 b6 10. Nbd2 Bb7 11. b4 a5 12. a3 axb4 13. axb4 Rxa1 14. Rxa1 Qc7 15. e4 dxe4 16. Nxe4 c5 17. Nxf6+ Nxf6 18. dxc5 bxc5 19. b5 Ra8 20. Rxa8+ Bxa8 21. Nd2 Bxg2 22. Kxg2 h6 23. Qd3 Nd7 24. Qe4 Kf8 25. Kf1 Ke7 26. Ke2 g5 27. h3 f5 28. Qe3 Qe5 29. Qxe5 Nxe5 30. f4 gxf4 31. gxf4 Ng6 32. Ke3 Kd6 33. Nf3 Kd7 34. Ne1 e5 35. Nd3 exf4+ 36. Kd2 Kd6 37. Kc3 f3 38. Kd2 Nf8 39. Ke3 Nd7 40. Kxf3 Nb6 41. Kf4 Nxc4 42. Kxf5 Ne3+ 43. Ke4 1/2-1/2

[Event "Deutschland"]
[Site "?"]
[Date "2002.02.03"]
[Round "7.3"]
[White "Hertneck Gerald"]
[Black "Bareev Evgeny"]
[Result "1/2-1/2"]
[WhiteElo "2572"]
[BlackElo "2719"]
[PlyCount "122"]
[EventDate "2002.??.??"]
[Source "www.chesslib.no"]
[SourceDate "2004.05.04"]

1. d4 Nf6 2. c4 e6 3. Nf3 d5 4. g3 Bb4+ 5. Bd2 Be7 6. Bg2 O-O 7. O-O c6 8. Qc2 Nbd7 9. a4 a5 10. Na3 Ne4 11. Be3 f5 12. Ne1 g5 13. f3 Nd6 14. Nd3 Qe8 15. c5 Nf7 16. Qc3 Bf6 17. f4 gxf4 18. Bxf4 e5 19. Be3 e4 20. Nf4 Bd8 21. Nc2 Nf6 22. Bd2 Ng5 23. Ne3 Nh5 24. Rf2 Nxf4 25. gxf4 Ne6 26. Kh1 Bh4 27. Rff1 Qh5 28. Be1 Bf6 29. Rd1 Kh8 30. Rd2 Rg8 31. Nc2 Rg4 32. Qh3 Nxf4 33. Qxh5 Nxh5 34. Bh3 f4 35. Bxg4 Bxg4 36. e3 fxe3 37. Nxe3 Bf3+ 38. Rxf3 exf3 39. Ng4 Re8 40. Bf2 Re4 41. h3 Bg7 42. Nh2 Nf4 43. Nxf3 Nxh3 44. Kg2 Bh6 45. Rd1 Re2 46. Kxh3 Rxf2 47. Kg4 Rxb2 48. Kf5 Rf2 49. Rd3 Bg7 50. Ke6 h5 51. Rb3 Kh7 52. Kd6 h4 53. Nxh4 Bxd4 54. Rxb7+ Kh6 55. Kxc6 Bf6 56. Kxd5 Bxh4 57. c6 Bg3 58. c7 Rd2+ 59. Kc6 Rc2+ 60. Kd7 Rd2+ 61. Kc6 Rc2+ 1/2-1/2

[Event "Reggio Emilia 9596"]
[Site "Reggio Emilia"]
[Date "1996.??.??"]
[Round "2"]
[White "Beliavsky, Alexander G"]
[Black "Epishin, Vladimir"]
[Result "1/2-1/2"]
[WhiteElo "2650"]
[BlackElo "2640"]
[PlyCount "102"]
[EventDate "1995.01.??"]
[Source "ChessBase"]

1. d4 Nf6 2. c4 e6 3. g3 Bb4+ 4. Bd2 Qe7 5. Nf3 Nc6 6. Nc3 Bxc3 7. Bxc3 Ne4 8. Rc1 O-O 9. Bg2 d6 10. O-O e5 11. d5 Nb8 12. Nd2 Nxc3 13. Rxc3 a5 14. f4 Nd7 15. f5 Nc5 16. g4 e4 17. Qc2 Re8 18. Nxe4 Nxe4 19. Re3 Qg5 20. Rxe4 Bd7 21. Qc1 h6 22. Qxg5 hxg5 23. Kf2 g6 24. f6 Rxe4 25. Bxe4 Bxg4 26. Rg1 Bd7 27. Rxg5 Kh7 28. h4 Kh6 29. Kf3 b5 30. cxb5 Bxb5 31. Rg1 Rb8 32. Rc1 Rb7 33. b3 Kh5 34. e3 Bd7 35. Kg3 g5 36. Bd3 Ra7 37. e4 Rb7 38. Kf3 Bg4+ 39. Ke3 Bd7 40. hxg5 Kxg5 41. Rf1 a4 42. Bc4 Bb5 43. Kd4 Bxc4 44. Kxc4 axb3 45. axb3 Rb8 46. b4 Rb7 47. b5 Rb8 48. Rf2 Rb7 49. Ra2 Kxf6 50. Ra8 Ke5 51. Re8+ Kf6 1/2-1/2

[Event "Yerevan"]
[Site "Yerevan"]
[Date "1996.??.??"]
[Round "9"]
[White "Epishin, Vladimir"]
[Black "Nikolic, Predrag"]
[Result "1/2-1/2"]
[WhiteElo "2645"]
[BlackElo "2645"]
[PlyCount "42"]
[EventDate "1996.04.??"]
[Source "ChessBase"]

1. d4 Nf6 2. c4 e6 3. Nf3 Bb4+ 4. Bd2 a5 5. Qc2 d6 6. Nc3 Qe7 7. e4 e5 8. dxe5 dxe5 9. Nd5 Nxd5 10. cxd5 O-O 11. Bc4 Bg4 12. Bxb4 Qxb4+ 13. Nd2 c6 14. a3 Qe7 15. O-O cxd5 16. exd5 Nd7 17. Rfe1 Rac8 18. Qd3 Qg5 19. Re3 Bf5 20. Qe2 Rfd8 21. Re1 Qh6 1/2-1/2

[Event "Tilburg"]
[Site "Tilburg"]
[Date "1988.??.??"]
[Round "?"]
[White "Portisch, Lajos"]
[Black "Timman, Jan H"]
[Result "1/2-1/2"]
[WhiteElo "2630"]
[BlackElo "2660"]
[PlyCount "41"]
[EventDate "1988.09.??"]
[Source "ChessBase"]

1. d4 Nf6 2. c4 e6 3. Nf3 Bb4+ 4. Bd2 c5 5. Bxb4 cxb4 6. e3 O-O 7. Bd3 d6 8. Qc2 Nc6 9. Nbd2 h6 10. O-O Qe7 11. Rfd1 Bd7 12. Rac1 Rfc8 13. Qb1 Na5 14. Ne1 b6 15. Nc2 Nc6 16. Ne4 a5 17. Ne1 Ra7 18. Nf3 Rac7 19. h3 Nxe4 20. Bxe4 Na7 21. Bd3 1/2-1/2

[Event "Bundesliga 2007-8"]
[Site "Muelheim GER"]
[Date "2008.03.08"]
[Round "10"]
[White "Miroshnichenko, E."]
[Black "Landa, K."]
[Result "1/2-1/2"]
[WhiteElo "2647"]
[BlackElo "2641"]
[PlyCount "83"]
[EventDate "2008.02.09"]
[Source "www.chesslib.no"]
[SourceDate "2004.05.04"]

1. d4 Nf6 2. c4 e6 3. Nf3 d5 4. g3 Bb4+ 5. Bd2 a5 6. Qc2 c5 7. a3 Bxd2+ 8. Nbxd2 cxd4 9. Nxd4 Nc6 10. Nb5 O-O 11. Bg2 Qb6 12. Rc1 Bd7 13. cxd5 Qxb5 14. dxc6 Bxc6 15. Bxc6 bxc6 16. Nc4 a4 17. O-O Rfd8 18. Rfd1 Rab8 19. Ne3 Nd5 20. Nc4 Ne7 21. Rxd8+ Rxd8 22. Rd1 Rxd1+ 23. Qxd1 Nd5 24. Qc2 c5 25. e4 Nf6 26. Ne5 h6 27. f3 Nd7 28. Qc4 Qb7 29. Nd3 Qc6 30. Kf2 g5 31. Ke3 Kg7 32. Kd2 Kf8 33. Kc2 Ke7 34. b4 axb3+ 35. Kxb3 Qb6+ 36. Kc2 Qa5 37. a4 Nb6 38. Qxc5+ Qxc5+ 39. Nxc5 Kd6 40. Nb7+ Kc7 41. Nc5 Kd6 42. Nb7+ 1/2-1/2

[Event "15. European Team Championship"]
[Site "?"]
[Date "2005.08.02"]
[Round "4.1"]
[White "Gustafsson Jan"]
[Black "Lautier Joel"]
[Result "1/2-1/2"]
[WhiteElo "2614"]
[BlackElo "2672"]
[PlyCount "33"]
[EventDate "2005.??.??"]
[Source "www.chesslib.no"]
[SourceDate "2004.05.04"]

1. d4 Nf6 2. c4 e6 3. g3 d5 4. Nf3 Bb4+ 5. Bd2 Be7 6. Bg2 O-O 7. O-O c6 8. Bf4 Nbd7 9. Qb3 a5 10. a4 Nh5 11. Be3 Bd6 12. Nc3 Kh8 13. Ne1 f5 14. Nd3 Qe7 15. f4 Nhf6 16. Ne5 Ne4 17. Nxe4 1/2-1/2

[Event "Reggio Emilia ITA"]
[Site "Reggio Emilia ITA"]
[Date "1995.??.??"]
[Round "?"]
[White "Beliavsky, Alexander G"]
[Black "Epishin, Vladimir V"]
[Result "1/2-1/2"]
[WhiteElo "2650"]
[BlackElo "2635"]
[PlyCount "87"]
[EventDate "1995.??.??"]
[Source "www.chesslib.no"]
[SourceDate "2004.05.04"]

1. d4 Nf6 2. c4 e6 3. g3 Bb4+ 4. Bd2 Qe7 5. Nf3 Nc6 6. Nc3 Bxc3 7. Bxc3 Ne4 8. Rc1 O-O 9. Bg2 d6 10. O-O e5 11. d5 Nb8 12. Nd2 Nxc3 13. Rxc3 a5 14. f4 Nd7 15. f5 Nc5 16. g4 e4 17. Qc2 Re8 18. Nxe4 Nxe4 19. Re3 Qg5 20. Rxe4 Bd7 21. Qc1 h6 22. Qxg5 hxg5 23. Kf2 g6 24. f6 Rxe4 25. Bxe4 Bxg4 26. Rg1 Bd7 27. Rxg5 Kh7 28. h4 Kh6 29. Kf3 b5 30. cxb5 Bxb5 31. Rg1 Rb8 32. Rc1 Rb7 33. b3 Kh5 34. e3 Bd7 35. Kg3 g5 36. Bd3 Ra7 37. e4 Rb7 38. Kf3 Bg4+ 39. Ke3 Bd7 40. hxg5 Kxg5 41. Rf1 a4 42. Bb1 Bb5 43. Kd4 Bc4 44. bxc4 1/2-1/2

[Event "Botvinnik mem"]
[Site "St Petersburg"]
[Date "1995.??.??"]
[Round "?"]
[White "Khalifman, Alexander"]
[Black "Yudasin, Leonid"]
[Result "1/2-1/2"]
[WhiteElo "2655"]
[BlackElo "2630"]
[PlyCount "47"]
[EventDate "1995.??.??"]
[Source "ChessBase"]

1. d4 Nf6 2. c4 e6 3. Nf3 Bb4+ 4. Bd2 Bxd2+ 5. Qxd2 b6 6. g3 Ba6 7. Qc2 d5 8. cxd5 exd5 9. Bg2 O-O 10. O-O Re8 11. Nc3 Nbd7 12. Rfd1 Qe7 13. Rac1 c6 14. Nd2 Bb7 15. e4 dxe4 16. Ndxe4 Nxe4 17. Nxe4 Nf8 18. Nc3 Rac8 19. Qa4 Ba8 20. d5 cxd5 21. Nxd5 Bxd5 22. Bxd5 Rxc1 23. Rxc1 Rd8 24. Rd1 1/2-1/2

[Event "Villarrobledo op"]
[Site "Villarrobledo"]
[Date "1998.08.23"]
[Round "8"]
[White "Van Wely, Loek"]
[Black "Andersson, Ulf"]
[Result "1/2-1/2"]
[WhiteElo "2635"]
[BlackElo "2645"]
[PlyCount "61"]
[EventDate "1998.08.??"]
[Source "www.chesslib.no"]
[SourceDate "2004.05.04"]

1. d4 Nf6 2. c4 e6 3. Nf3 Bb4+ 4. Bd2 Bxd2+ 5. Qxd2 O-O 6. g3 d5 7. Bg2 Nbd7 8. O-O c6 9. Qc2 b6 10. Nbd2 c5 11. e4 dxe4 12. Nxe4 Bb7 13. Nd6 Bc6 14. Rfd1 Qc7 15. dxc5 Nxc5 16. Nb5 Qb7 17. Qe2 a5 18. Nd6 Qc7 19. Ne5 Bxg2 20. Kxg2 Rad8 21. Nb5 Qb7+ 22. Qf3 Nfe4 23. h4 f6 24. Ng4 Qe7 25. Ne3 Rxd1 26. Rxd1 Rd8 27. Qe2 Rxd1 28. Qxd1 Qd7 29. Qxd7 Nxd7 30. Kf3 f5 31. Ke2 1/2-1/2

[Event "Wijk aan Zee (open)"]
[Site "?"]
[Date "1993.??.??"]
[Round "?"]
[White "Shirov, A."]
[Black "Kortchnoi, V."]
[Result "0-1"]
[WhiteElo "2670"]
[BlackElo "2610"]
[PlyCount "86"]
[EventDate "1993.??.??"]
[Source "ChessBase"]
[SourceDate "1992.10.01"]

1. d4 Nf6 2. c4 e6 3. Nf3 Bb4+ 4. Bd2 a5 5. g3 d6 6. Bg2 Nbd7 7. O-O e5 8. Nc3 exd4 9. Nxd4 O-O 10. Qc2 Nb6 11. b3 Bc5 12. Nf5 Re8 13. Rad1 a4 14. Bc1 axb3 15. axb3 Re5 16. e4 Bxf5 17. exf5 c6 18. Bf4 Re8 19. Bg5 h6 20. Bh4 Nbd7 21. Ne4 Qc7 22. Nxc5 dxc5 23. h3 Ra3 24. g4 Qa5 25. Bg3 Ra2 26. Qd3 Ne5 27. Qb1 Re2 28. f4 Qc3 29. Bh4 Rb2 30. Qc1 Rc2 31. Qb1 Rb2 32. Qc1 Rc2 33. Qb1 Nd3 34. Rf3 Ree2 35. Rfxd3 Rxg2+ 36. Kf1 Rh2 37. Kg1 Rcg2+ 38. Kf1 Rb2 39. Kg1 Rbg2+ 40. Kf1 Rb2 41. Kg1 Qa5 42. Qxb2 Rxb2 43. g5 Qa2 0-1

[Event "Bundesliga 2007-8"]
[Site "Muelheim GER"]
[Date "2008.03.09"]
[Round "11"]
[White "Postny, E."]
[Black "Fedorchuk, S."]
[Result "1-0"]
[WhiteElo "2627"]
[BlackElo "2652"]
[PlyCount "129"]
[EventDate "2008.02.09"]
[Source "www.chesslib.no"]
[SourceDate "2004.05.04"]

1. d4 Nf6 2. c4 e6 3. g3 Bb4+ 4. Bd2 a5 5. Nf3 b6 6. Bg2 O-O 7. O-O Ba6 8. Ne5 Ra7 9. Bxb4 axb4 10. a3 Bc8 11. Nd3 bxa3 12. Nxa3 Bb7 13. Bxb7 Rxb7 14. Nb5 d5 15. cxd5 Qxd5 16. Qa4 c6 17. Nc3 Qh5 18. Nf4 Qf5 19. Rfe1 e5 20. dxe5 Qxe5 21. Red1 b5 22. Qd4 Qe7 23. Qd6 Qxd6 24. Rxd6 Rd7 25. Rxd7 Nbxd7 26. Nd3 Re8 27. Ra6 c5 28. Kf1 Rb8 29. Rc6 c4 30. Nb4 Kf8 31. Ra6 Nc5 32. Ra5 Nfe4 33. Rxb5 Rxb5 34. Nxb5 Na4 35. Ke1 Nxb2 36. f3 Nc5 37. Kd2 Nba4 38. Nd5 Nb3+ 39. Kc2 h5 40. Ne3 Nb6 41. h3 g5 42. g4 Nc5 43. gxh5 Ne6 44. Nf5 Nd7 45. h6 Kg8 46. Nbd6 Ne5 47. Ne4 Nf4 48. Nf6+ Kh8 49. e3 Ng2 50. Kc3 Nh4 51. Nxh4 gxh4 52. f4 Nf3 53. Ne4 Ng1 54. Nf2 Kh7 55. Kxc4 Kxh6 56. Kd3 f5 57. Kd2 Kg6 58. Nd3 Kh5 59. Ne5 Nxh3 60. Ke2 Ng5 61. fxg5 Kxg5 62. Kf3 Kf6 63. Kf4 h3 64. Nf3 Ke6 65. Ng5+ 1-0

[Event "50th It"]
[Site "Reggio Emilia ITA"]
[Date "2008.01.04"]
[Round "7"]
[White "Harikrishna, P."]
[Black "Korchnoi, V."]
[Result "1/2-1/2"]
[WhiteElo "2668"]
[BlackElo "2611"]
[PlyCount "42"]
[EventDate "2007.12.29"]
[Source "www.chesslib.no"]
[SourceDate "2004.05.04"]

1. d4 Nf6 2. Nf3 e6 3. c4 Bb4+ 4. Bd2 c5 5. g3 Qb6 6. Bxb4 Qxb4+ 7. Qd2 Nc6 8. Qxb4 Nxb4 9. Na3 b6 10. Bg2 Bb7 11. O-O a6 12. dxc5 bxc5 13. Rfc1 Rb8 14. Nb1 Ke7 15. Nc3 d6 16. b3 Rhc8 17. Rd1 Ne4 18. Nxe4 Bxe4 19. Nd2 Bc2 20. Rdc1 Bg6 21. Be4 Bxe4 1/2-1/2

[Event "Las Palmas"]
[Site "?"]
[Date "1993.??.??"]
[Round "?"]
[White "Khalifman, A."]
[Black "Yusupov, A."]
[Result "1-0"]
[WhiteElo "2630"]
[BlackElo "2645"]
[PlyCount "79"]
[EventDate "1993.??.??"]
[Source "ChessBase"]
[SourceDate "1993.06.01"]

1. Nf3 Nf6 2. d4 e6 3. c4 Bb4+ 4. Bd2 a5 5. Nc3 b6 6. Bg5 Bb7 7. e3 d6 8. Bd3 Nbd7 9. Qc2 Qe7 10. e4 c5 11. O-O cxd4 12. Nxd4 Rc8 13. Ndb5 h6 14. Bf4 e5 15. Bd2 Nc5 16. a3 Bxc3 17. Nxc3 O-O 18. f3 Nh5 19. Rf2 Nf4 20. Bf1 Nfe6 21. Be3 Nd4 22. Bxd4 exd4 23. Nb5 Qe5 24. Rd1 Ne6 25. Qd2 Ba6 26. f4 Qc5 27. b4 axb4 28. axb4 Qc6 29. Na7 Qxe4 30. Nxc8 Rxc8 31. f5 Ng5 32. Rf4 Qe7 33. Re1 Qd8 34. Rxd4 Bb7 35. Rxd6 Qc7 36. Rd7 Qb8 37. Qd6 Qa8 38. Qxb6 Rb8 39. Qa5 Ba6 40. b5 1-0

[Event "Gran Canaria"]
[Site "Gran Canaria"]
[Date "1993.??.??"]
[Round "9"]
[White "Khalifman, Alexander V"]
[Black "Jussupow, Artur M"]
[Result "1-0"]
[WhiteElo "2630"]
[BlackElo "2645"]
[PlyCount "77"]
[EventDate "1993.??.??"]
[Source "www.chesslib.no"]
[SourceDate "2004.05.04"]

1. Nf3 Nf6 2. d4 e6 3. c4 Bb4+ 4. Bd2 a5 5. Nc3 b6 6. Bg5 Bb7 7. e3 d6 8. Bd3 Nbd7 9. Qc2 Qe7 10. e4 c5 11. O-O cxd4 12. Nxd4 Rc8 13. Ndb5 h6 14. Bf4 e5 15. Bd2 Nc5 16. a3 Bxc3 17. Nxc3 O-O 18. f3 Nh5 19. Rf2 Nf4 20. Bf1 Nce6 21. Be3 Nd4 22. Bxd4 exd4 23. Nb5 Qe5 24. Rd1 Ne6 25. Qd2 Ba6 26. f4 Qc5 27. b4 Qc6 28. Na7 Qxe4 29. Nxc8 Rxc8 30. f5 Ng5 31. Rf4 Qe7 32. Re1 Qd8 33. Rxd4 Bb7 34. Rxd6 Qc7 35. Rd7 Qb8 36. Qd6 Qa8 37. Qxb6 Rb8 38. Qxa5 Ba6 39. b5 1-0

[Event "otb"]
[Site "otb"]
[Date "2007.04.15"]
[Round "1.2"]
[White "Mchedlishvili Mikheil"]
[Black "Tiviakov Sergei"]
[Result "1/2-1/2"]
[WhiteElo "2609"]
[BlackElo "2663"]
[PlyCount "125"]
[Source "www.chesslib.no"]
[SourceDate "2004.05.04"]

1. d4 Nf6 2. c4 e6 3. g3 d5 4. Nf3 Bb4+ 5. Bd2 Be7 6. Bg2 c6 7. O-O O-O 8. Bf4 b6 9. Nc3 Bb7 10. Rc1 Nh5 11. Be5 Nd7 12. cxd5 cxd5 13. Nb5 Nxe5 14. dxe5 a6 15. Nbd4 Qd7 16. Qb3 b5 17. Qe3 g6 18. Qh6 Rac8 19. Ng5 Bxg5 20. Qxg5 Ng7 21. g4 Rc4 22. Qe3 Rfc8 23. b3 Rxc1 24. Rxc1 Rxc1+ 25. Qxc1 Ne8 26. b4 Qe7 27. a3 f6 28. exf6 Nxf6 29. g5 Ne8 30. Qe3 e5 31. f4 Nd6 32. Qxe5 Qxe5 33. fxe5 Nc4 34. Nb3 Kf7 35. Nc5 Bc6 36. Bh3 Nxa3 37. Nxa6 Nc4 38. Kf2 d4 39. e6+ Ke7 40. Nc5 Ne5 41. Nd3 Nc4 42. Nc5 Na3 43. Kg3 Nc2 44. Na6 Bb7 45. Nc5 Bd5 46. Kf4 Nxb4 47. Ke5 Bc4 48. Kxd4 Nc6+ 49. Ke3 b4 50. Bg2 Nd8 51. Kd4 Bxe6 52. Nd3 b3 53. Kc3 Nf7 54. h4 Nd6 55. Nf4 Bf7 56. Bf3 Nb5+ 57. Kb2 Nd4 58. Bg4 Kd6 59. h5 Ke5 60. hxg6 hxg6 61. e3 Nc2 62. Bd1 Nxe3 63. Bxb3 1/2-1/2

[Event "Lima sim"]
[Site "Lima PER"]
[Date "1993.??.??"]
[Round "1"]
[White "Kasparov, Gary"]
[Black "Urday, Henry"]
[Result "1-0"]
[WhiteElo "2805"]
[BlackElo "2465"]
[PlyCount "105"]
[EventDate "1993.??.??"]
[Source "www.chesslib.no"]
[SourceDate "2004.05.04"]

1. d4 Nf6 2. c4 e6 3. Nf3 Bb4+ 4. Bd2 a5 5. Nc3 b6 6. e3 Bb7 7. Bd3 O-O 8. Qc2 d6 9. O-O Nbd7 10. e4 e5 11. Nd5 Bxd2 12. Qxd2 c5 13. dxe5 Nxe5 14. Nxe5 dxe5 15. Rfe1 Qd6 16. Bc2 Bxd5 17. exd5 Rae8 18. Re2 e4 19. h3 Re5 20. Rae1 Rfe8 21. Qc3 R5e7 22. Ba4 Rd8 23. Re3 h6 24. a3 Qf4 25. Qc2 Rb7 26. Qe2 Re7 27. Qc2 Rb7 28. Bc6 Ra7 29. Qc3 Re7 30. Qb3 Rb8 31. Qc2 Rc7 32. Qc3 Re7 33. b4 axb4 34. axb4 Ra7 35. Qb2 Qd6 36. Rb1 Rf8 37. bxc5 bxc5 38. Ra3 Re7 39. Qe2 Nd7 40. Bxd7 Qxd7 41. Qe3 Qd6 42. Rab3 Rc8 43. Rb7 Rxb7 44. Rxb7 f5 45. g3 Qa6 46. Qb3 Qa1+ 47. Kg2 Qd4 48. Rb8 Rf8 49. Rxf8+ Kxf8 50. Qb8+ Kf7 51. Qf4 g6 52. Qc7+ Kf6 53. Qd6+ 1-0

[Event "Interclubs Adultes"]
[Site "Evry FRA"]
[Date "2008.05.30"]
[Round "9.2"]
[White "Tkachiev, Vladislav"]
[Black "Hracek, Zbynek"]
[Result "1/2-1/2"]
[WhiteElo "2657"]
[BlackElo "2613"]
[PlyCount "55"]
[EventDate "2008.05.29"]
[Source "www.chesslib.no"]
[SourceDate "2004.05.04"]

1. d4 Nf6 2. c4 e6 3. Nf3 Bb4+ 4. Bd2 a5 5. g3 d6 6. Nc3 Nbd7 7. Qc2 O-O 8. a3 Bxc3 9. Bxc3 b6 10. Bg2 Bb7 11. O-O a4 12. Rfe1 Be4 13. Qd1 Re8 14. Bf1 Bb7 15. Nd2 Ne4 16. Nxe4 Bxe4 17. f3 Bb7 18. e4 e5 19. Bd3 exd4 20. Bxd4 Bc6 21. Re3 Qe7 22. Qf1 Nc5 23. Bc2 f6 24. Rae1 Qf7 25. f4 Rad8 26. Qe2 Re7 27. Rf1 Qe8 28. Re1 1/2-1/2

[Event "Japfa Classic"]
[Site "Bali"]
[Date "2000.04.28"]
[Round "6"]
[White "Ehlvest, Jaan"]
[Black "Seirawan, Yasser"]
[Result "1/2-1/2"]
[WhiteElo "2622"]
[BlackElo "2647"]
[PlyCount "95"]
[EventDate "2000.04.22"]
[Source "ChessBase"]
[SourceDate "2000.07.27"]

1. d4 Nf6 2. c4 e6 3. g3 Bb4+ 4. Bd2 Qe7 5. Nf3 Nc6 6. Bg2 Bxd2+ 7. Nbxd2 d6 8. Nf1 O-O 9. Ne3 Qd8 10. O-O Ne7 11. Qc2 Bd7 12. Nd1 Rc8 13. b4 Bc6 14. Nc3 Bxf3 15. Bxf3 c6 16. Qb3 d5 17. e3 dxc4 18. Qxc4 Ned5 19. Ne2 Qe7 20. Rab1 e5 21. dxe5 Qxe5 22. Qd4 Qb8 23. Rfd1 Nc7 24. Qc4 Ne6 25. Nd4 Nxd4 26. Rxd4 Rfd8 27. Rbd1 h6 28. Kg2 Qc7 29. a4 Rxd4 30. Qxd4 b6 31. Rc1 c5 32. bxc5 bxc5 33. Qf4 Qxf4 34. gxf4 Kf8 35. Kf1 Ke7 36. Ke2 Ne8 37. h4 Nd6 38. Rb1 c4 39. Kd2 c3+ 40. Kc2 Rc4 41. Ra1 a5 42. Bd5 Rc5 43. Rd1 Nc4 44. Rd4 Na3+ 45. Kc1 c2 46. Rd3 Nc4 47. Rc3 Rxd5 48. Rxc4 1/2-1/2

[Event "15. European Team Championship"]
[Site "?"]
[Date "2005.08.06"]
[Round "8.10"]
[White "Nielsen Peter Heine"]
[Black "Beliavsky Alexander G"]
[Result "1/2-1/2"]
[WhiteElo "2668"]
[BlackElo "2599"]
[PlyCount "248"]
[EventDate "2005.??.??"]
[Source "www.chesslib.no"]
[SourceDate "2004.05.04"]

1. d4 Nf6 2. c4 e6 3. g3 d5 4. Nf3 Bb4+ 5. Bd2 Be7 6. Bg2 O-O 7. O-O c6 8. Bf4 Nbd7 9. Nc3 dxc4 10. e4 b5 11. d5 Qb6 12. Nd4 cxd5 13. exd5 e5 14. Ndxb5 Bc5 15. Bd2 Rb8 16. a4 a6 17. Na3 Bxa3 18. bxa3 Nc5 19. a5 Qd6 20. Na4 Bg4 21. Qc2 Nxa4 22. Qxa4 Rfc8 23. Bb4 Qd8 24. d6 Rb5 25. Rfe1 Qd7 26. Rac1 Bh3 27. Bh1 Bf5 28. Qd1 Bd3 29. Qd2 Re8 30. Bc6 Qxc6 31. Qxd3 Rc8 32. Qe2 Rd5 33. Rc2 Nd7 34. Rec1 Rd4 35. Bc3 Re4 36. Qd2 Rg4 37. Qe2 h5 38. f3 Rg6 39. Bb4 Qd5 40. Rxc4 Rxc4 41. Rxc4 Nf6 42. Kg2 e4 43. fxe4 Qe6 44. e5 Rg4 45. Rxg4 hxg4 46. Qxa6 Qd5+ 47. Kf2 Qd4+ 48. Ke2 Qxe5+ 49. Kd1 Qa1+ 50. Kc2 Qa2+ 51. Kc3 Qa1+ 52. Kb3 Qd1+ 53. Kb2 Qd4+ 54. Bc3 Qf2+ 55. Kb3 Qf3 56. Qc4 Qd1+ 57. Kb4 Qxd6+ 58. Kb5 Qd7+ 59. Ka6 Nd5 60. Bb4 Nc7+ 61. Kb6 Nd5+ 62. Kc5 Ne7 63. Qe4 Qc7+ 64. Kb5 Qd7+ 65. Kc4 Qc8+ 66. Kb3 Nc6 67. Qc4 Qb7 68. Qc5 Nb8 69. Qd6 Na6 70. Qd8+ Kh7 71. Qh4+ Kg8 72. Qd8+ Kh7 73. Qh4+ Kg8 74. Qxg4 Nc5+ 75. Kc3 Na4+ 76. Kd4 Qa8 77. Kd3 Qa6+ 78. Kd2 Qc6 79. Qd4 Qg2+ 80. Kc1 Qe2 81. Bd2 Qf1+ 82. Kc2 Qf5+ 83. Qd3 Qc8+ 84. Kb1 Nc5 85. Qd5 Ne6 86. h4 Qb8+ 87. Ka2 Qc8 88. Qd3 Qc5 89. a6 Qc7 90. g4 Nc5 91. Qc4 Qh2 92. Qxc5 Qxd2+ 93. Kb3 Qd3+ 94. Kb4 Qxa6 95. a4 Qb7+ 96. Ka5 Qa8+ 97. Kb5 Qb7+ 98. Kc4 Qe4+ 99. Qd4 Qe6+ 100. Kb4 Qe1+ 101. Ka3 Qe7+ 102. Kb3 Qb7+ 103. Ka2 Qg2+ 104. Ka3 Qf3+ 105. Kb4 Qb7+ 106. Kc3 Qf3+ 107. Kd2 Qg2+ 108. Kd1 Qf1+ 109. Kc2 Qg2+ 110. Kb3 Qf3+ 111. Qc3 Qxg4 112. a5 Qd1+ 113. Kb4 Qb1+ 114. Kc5 Qb7 115. Qe5 Qa7+ 116. Kc6 Qa6+ 117. Kc7 Qa7+ 118. Kd8 Qa8+ 119. Kd7 Qb + 120. Kd8 Qa8+ 121. Kd7 Qb7+ 122. Qc7 Qd5+ 123. Kc8 Qa8+ 124. Kd7 Qd5+ 1/2-1/2